Una habitación propia (Record no. 209167)
[ view plain ]
| 000 -CABECERA | |
|---|---|
| campo de control de longitud fija | 00929nam a2200289 a 4500 |
| 005 - FECHA Y HORA DE LA ÚLTIMA TRANSACCIÓN | |
| campo de control | 20230307113829.0 |
| 008 - DATOS DE LONGITUD FIJA--INFORMACIÓN GENERAL | |
| campo de control de longitud fija | 230216t2017 mx |||||r|||| 000 0 spa d |
| 020 ## - NÚMERO INTERNACIONAL NORMALIZADO PARA LIBROS | |
| Número Internacional Normalizado del libro | 9786070743924 |
| 040 ## - FUENTE DE CATALOGACIÓN | |
| Agencia de catalogación original | MX-MxUPN |
| Idioma de catalogación | spa |
| Agencia que realiza la transcripción | MX-MxUPN |
| 041 1# - | |
| -- | spa |
| -- | eng |
| 050 14 - | |
| -- | PR6045 O72 |
| -- | Z47 2017 |
| 100 1# - | |
| -- | Woolf, Virginia, |
| -- | 1882-1941 |
| -- | 30603 |
| 245 10 - MENCIÓN DE TÍTULO | |
| Título | Una habitación propia |
| 250 ## - MENCIÓN DE EDICIÓN | |
| Mención de edición | Primera edición. |
| 260 ## - PUBLICACION, DISTRIBUCION, ETC. (PIE DE IMPRENTA) | |
| Lugar de publicación, distribución, etc. | Ciudad de México : |
| Nombre del editor, distribuidor, etc. | Seix Barral, |
| Fecha de publicación, distribución, etc. | ©2017, (reimpresión de 2021) |
| 300 ## - DESCRIPCIÓN FÍSICA | |
| Extensión | 155 páginas |
| 490 0# - | |
| -- | Austral singular |
| 500 ## - NOTA GENERAL | |
| Nota general | Traducción de: A room of one´s own. |
| 600 10 - | |
| -- | Woolf, Virginia, |
| -- | 1882-1941 |
| -- | 30603 |
| 650 #4 - | |
| -- | Mujeres y literatura |
| -- | 22479 |
| 650 #4 - | |
| -- | Autoras |
| -- | Condiciones económicas |
| -- | 48066 |
| 650 #4 - | |
| -- | Autoras |
| -- | Condiciones sociales |
| -- | 48067 |
| 902 ## - ELEMENTOS DE DATOS B LOCAL, LDB (RLIN) | |
| Creó | MarisolLicea/160223 |
| Modificó | Víctor Ruiz/060323 |
| 942 ## - ELEMENTOS DE PUNTO DE ACCESO ADICIONAL (KOHA) | |
| Fuente del sistema de clasificación o colocación | Library of Congress Classification |
| Tipo de ítem Koha | Libro |
| Estado de retiro | Estado de pérdida | Fuente del sistema de clasificación o colocación | Estado dañado | No para préstamo | Código de colección | Localización permanente | Ubicación/localización actual | Ubicación en estantería | Fecha de adquisición | Total de préstamos | Renovaciones totales | Signatura topográfica completa | Código de barras | Fecha visto por última vez | Fecha del último préstamo | Precio válido a partir de | Tipo de ítem Koha | Nota pública | Número de copia |
|---|---|---|---|---|---|---|---|---|---|---|---|---|---|---|---|---|---|---|---|
| Library of Congress Classification | Colección General | Bib. Gregorio Torres Quintero | Bib. Gregorio Torres Quintero | Planta baja | 16/02/2023 | 3 | 1 | PR6045 O72 Z47 2017 | 336241 | 04/03/2025 | 17/02/2025 | 16/02/2023 | Libro | Bibliografía de la Unidad de Igualdad de Género e Inclusión | |||||
| Library of Congress Classification | Colección General | Bib. Gregorio Torres Quintero | Bib. Gregorio Torres Quintero | Planta baja | 16/02/2023 | 6 | 1 | PR6045 O72 Z47 2017 | 336242 | 20/03/2026 | 06/03/2026 | 16/02/2023 | Libro | Bibliografía de la Unidad de Igualdad de Género e Inclusión | Ej. 2 |
